000
00263nam a22001097a 4500
020
_a
0716101165
100
_a
Connor.J
245
_a
Replacement investment
260
_a
Britain
_b
Gower press limited
_c
1972
300
_a
xi,83p
_b
ill;tables,graphs,25cm
942
_c
BK
999
_c
18546
_d
18546